[Event "DEN-ch Seniors 65+"]
[Site "Odder"]
[Date "2019.02.12"]
[Round "2"]
[White "Nielsen, Kaj"]
[Black "Hardlei, Kim"]
[Result "1/2-1/2"]
[WhiteElo "1648"]
[BlackElo "1825"]
[PlyCount "64"]
[EventDate "2019.02.11"]
[EventType "swiss"]
[EventRounds "7"]
[EventCountry "DEN"]
[SourceTitle "CBM 189 Extra"]
[Source "ChessBase"]
[SourceDate "2019.06.03"]
[SourceVersion "1"]
[SourceVersionDate "2019.06.03"]
[SourceQuality "1"]

1. Nf3 d5 2. d4 Nf6 3. c4 e6 4. g3 Be7 5. Bg2 0-0 6. cxd5 exd5 7. 0-0 Re8 8. Nc3 c6 9. Qc2 Bd6 10. Bg5 h6 11. Bxf6 Qxf6 12. e4 dxe4 13. Nxe4 Qg6 14. Nh4 Qh7 15. Rac1 Be7 16. Nf3 Bf5 17. Nfd2 Bb4 18. Rfe1 Nd7 19. f3 Nb6 20. a3 Bxd2 21. Qxd2 Re7 22. Nf6+ gxf6 23. Rxe7 Rb8 24. Rce1 Nd5 25. Re8+ Rxe8 26. Rxe8+ Kg7 27. f4 Be6 28. Bxd5 Qb1+ 29. Kf2 cxd5 30. Re7 Qh1 31. Ke3 Qe4+ 32. Kf2 Qh1 1/2-1/2